Statistics for 援護率リーグ最低投手

Click here to take the quiz!

General Stats

  • This quiz has been taken 43 times
  • The average score is 15 of 36

Answer Stats

年度援護率防御率勝利敗戦Answer% Correct
20212.652.95711大野雄大
88%
20212.163.0149田中将大
85%
20162.922.0196菅野智之
85%
20203.092.2084山本由伸
76%
20192.361.9586山本由伸
76%
20143.294.21812涌井秀章
74%
20222.572.76108小笠原慎之介
65%
20152.392.911011則本昂大
65%
20053.152.52129三浦大輔
65%
20093.283.36814前田健太
59%
20182.863.601013西勇輝
59%
20163.284.141012西勇輝
59%
20133.132.01158金子千尋
56%
20103.462.82109岩隈久志
50%
20062.821.85136黒田博樹
47%
20222.372.0187加藤貴之
44%
20183.522.45115東克樹
44%
20112.203.45515高崎健太郎
44%
20092.554.05313渡辺俊介
41%
20112.432.461112武田勝
35%
20102.473.66312加賀繫
35%
20202.793.3679青柳晃洋
32%
20193.382.59118クリス・ジョンソン
32%
20152.252.97912ランディ・メッセンジャー
32%
20062.804.55713久保康友
32%
20172.803.3979二木康太
24%
20142.712.5498岩田稔
21%
20083.253.84913大竹寛
21%
20073.323.77910大竹寛
21%
20043.563.871015福原忍
18%
20172.973.66613デービッド・ブキャナン
15%
20082.753.64714ライアン・グリン
15%
20121.982.69712ジェイソン・スタンリッジ
12%
20132.783.13510澤村拓一
9%
20122.492.6059木佐貫羊
6%
20072.603.1288朝井秀樹
6%

Score Distribution

Percentile by Number Answered

Percent of People with Each Score

Your Score History

You have not taken this quiz